| 000 | 00712nam a2200205 a 4500 | ||
|---|---|---|---|
| 001 | 10 | ||
| 003 | CDMR | ||
| 005 | 20151022113002.0 | ||
| 008 | 130130s1986||||||||||||||||||||||||||||d | ||
| 020 | _a8439864191 | ||
| 040 |
_aCDMR _bcat _cCDMR |
||
| 100 | 1 |
_aFigueres i Artigues, Josep Maria _913 |
|
| 245 | 1 | 4 |
_a"El País" a Catalunya _b: anàlisi de la presència del diari "El País" a Catalunya (1982-1985) _cJosep M. Figueres ; pròleg de Jaume Lorés ; epíleg de Francesc Ferrer |
| 260 |
_aBarcelona _c1986 _bClub Arnau de Vilanova |
||
| 650 | 0 | 4 |
_9195 _aPremsa _zCatalunya |
| 610 | 2 |
_93256 _aDiario El País, S.L. |
|
| 700 | 1 |
_92421 _aLorés, Jaume |
|
| 700 | 1 |
_91942 _aFerrer i Gironès, Francesc |
|
| 942 |
_cMON _2udc |
||
| 999 |
_c10 _d10 |
||